Statistics for Minecraft quiz No1

Click here to take the quiz!

General Stats

  • This quiz has been taken 15 times
  • The average score is 9 of 10

Answer Stats

QuestionAnswer% Correct
What is the only block that you can't break in survival?Bedrock
100%
What is the block to make a nether portal?Obsidian
100%
Name a zombie species(Not include Zoglins etc...)Zombie/Baby Zombie/Husk/Drowned/Zombie villager
100%
_______jockeyChicken/Spider
93%
Name a bossEnder dragon/Wither
93%
Why you shouldn't dig straight down?Because you may fall into a _______Lava/Ravine/Dungeon
93%
What if you enter a village with the bad omen affect?You will trigger a ____Raid
93%
What is the rarest color sheep?Pink
80%
What is the only bear in Minecraft?Polar bear
80%
What country is Minecraft developed?Sweden
73%

Score Distribution

Percentile by Number Answered

Percent of People with Each Score

Your Score History

You have not taken this quiz